Derecho ambiental administrativo

Detalles Bibliográficos
Autor principal: Lozano Cutanda, Blanca
Formato: Libro
Lenguaje:español
Publicado: Madrid : Dykinson, 2009.
Edición:10a ed. act.
Materias:
Acceso en línea:Acceso restringido

MARC

LEADER 00000nam a2200000 i 4500
005 20110223100923.0
008 070315s2009 sp c 001 0 spa d
020 |a 9788498497373 
035 |a 5343 
040 |a Dykinson  |d vLex 
090 |c 14  |d 14 
100 1 |a Lozano Cutanda, Blanca. 
245 1 0 |a Derecho ambiental administrativo   |c /Blanca Lozano Cutanda.  |h [Recurso electrn̤ico] 
250 |a 10a ed. act. 
256 |a Servicio en ln̕ea 
260 |a Madrid :  |b Dykinson,  |c 2009. 
300 |a 584 p. ;  
506 1 |a Contenido solo disponible en los productos indicados  |d vLex Global  |d vLex Global (Academic Edition, excluding Law Schools)  |d vLex Global (U.S. Academic Edition, Law Schools)  |d vLex Global (U.S. Academic Edition, excluding Law Schools)  |d vLex Global (Academic Edition, Law Schools) 
650 0 7 |a Derecho administrativo especial  |2 Tesauro vLex 
650 0 7 |a Medio ambiente  |2 Tesauro vLex 
650 0 7 |a Derecho medioambiental  |2 Tesauro vLex 
740 |a vLex Libros (Servicios en ln̕ea) 
856 4 0 |u http://vlex.com/source/derecho-ambiental-administrativo-5343  |z Acceso restringido 
942 |c BOOK 
999 0 |a Environmental law  |b Spain 
999 0 |a Administrative law  |b Spain